MyGZULibrary

Evaluating social science research / (Record no. 10114)

MARC details
000 -LEADER
fixed length control field 01230cam a2200313 a 4500
001 - CONTROL NUMBER
control field 671079
003 - CONTROL NUMBER IDENTIFIER
control field GZU
005 - DATE AND TIME OF LATEST TRANSACTION
control field 20211014130552.0
008 - FIXED-LENGTH DATA ELEMENTS--GENERAL INFORMATION
fixed length control field 950425s1996 nyua b 001 0 eng
010 ## - LIBRARY OF CONGRESS CONTROL NUMBER
LC control number 95017528
020 ## - INTERNATIONAL STANDARD BOOK NUMBER
International Standard Book Number 0195079698 (alk. paper)
020 ## - INTERNATIONAL STANDARD BOOK NUMBER
International Standard Book Number 0195079701 (pbk. : alk. paper)
040 ## - CATALOGING SOURCE
Original cataloging agency DLC
Transcribing agency DLC
Modifying agency DLC
050 00 - LIBRARY OF CONGRESS CALL NUMBER
Classification number H62
Item number .STE 1996
100 1# - MAIN ENTRY--PERSONAL NAME
Personal name Stern, Paul C.,
Dates associated with a name 1944-
Relator term author
245 10 - TITLE STATEMENT
Title Evaluating social science research /
Statement of responsibility, etc. Paul C. Stern, Linda Kalof.
250 ## - EDITION STATEMENT
Edition statement 2nd edition.
260 ## - PUBLICATION, DISTRIBUTION, ETC.
Place of publication, distribution, etc. New York :
Name of publisher, distributor, etc. Oxford University Press,
Date of publication, distribution, etc. 1996.
300 ## - PHYSICAL DESCRIPTION
Extent xiv, 279 pages. :
Other physical details ill. ;
Dimensions 25 cm.
504 ## - BIBLIOGRAPHY, ETC. NOTE
Bibliography, etc. note Includes bibliographical references (p. 267-273) and index.
650 #0 - SUBJECT ADDED ENTRY--TOPICAL TERM
Topical term or geographic name entry element Social sciences
General subdivision Research.
650 #0 - SUBJECT ADDED ENTRY--TOPICAL TERM
Topical term or geographic name entry element Social sciences
General subdivision Methodology.
700 1# - ADDED ENTRY--PERSONAL NAME
Personal name Kalof, Linda.
Relator term author
856 42 - ELECTRONIC LOCATION AND ACCESS
Materials specified Publisher description
Uniform Resource Identifier <a href="http://www.loc.gov/catdir/enhancements/fy0604/95017528-d.html">http://www.loc.gov/catdir/enhancements/fy0604/95017528-d.html</a>
856 41 - ELECTRONIC LOCATION AND ACCESS
Materials specified Table of contents only
Uniform Resource Identifier <a href="http://www.loc.gov/catdir/enhancements/fy0604/95017528-t.html">http://www.loc.gov/catdir/enhancements/fy0604/95017528-t.html</a>
906 ## - LOCAL DATA ELEMENT F, LDF (RLIN)
a 7
b cbc
c orignew
d 1
e ocip
f 19
g y-gencatlg
942 ## - ADDED ENTRY ELEMENTS (KOHA)
Source of classification or shelving scheme Library of Congress Classification
Koha item type Books
Edition Second edition
Classification part 62
Item part STE
Call number prefix H
Holdings
Withdrawn status Lost status Source of classification or shelving scheme Damaged status Not for loan Collection code Home library Current library Shelving location Date acquired Source of acquisition Total Checkouts Full call number Barcode Date last seen Copy number Price effective from Koha item type
    Library of Congress Classification     Non-fiction City Campus Library City Campus Library General Stacks 10/14/2021 American Embassy - Harare   H62 STE 1996 031588 10/14/2021 c. 1 10/14/2021 Books